书目信息 |
| 题名: |
少年中国说
|
|
| 作者: | 梁启超, 著 | |
| 分册: | ||
| 出版信息: | 北京 中国画报出版社 2016 |
|
| 页数: | 154页 | |
| 开本: | 22cm | |
| 丛书名: | 时代经典 | |
| 单 册: | ||
| 中图分类: | B259.11 , B259.1 | |
| 科图分类: | ||
| 主题词: | 哲学家--zhe xue jia--中国--现代--文集 | |
| 电子资源: | ||
| ISBN: | 978-7-5146-1270-7 | |
| 000 | 01254nam 2200301 450 | |
| 001 | 1748627000 | |
| 005 | 20160407113834.1 | |
| 010 | @a978-7-5146-1270-7@b精装@dCNY25.00 | |
| 100 | @a20160406d2016 em y0chiy50 ea | |
| 101 | 0 | @achi |
| 102 | @aCN@b110000 | |
| 105 | @aa z 000yy | |
| 106 | @ar | |
| 200 | 1 | @a少年中国说@Ashao nian zhong guo shuo@f梁启超著 |
| 205 | @a插图典藏本 | |
| 210 | @a北京@c中国画报出版社@d2016 | |
| 215 | @a154页@c图@d22cm | |
| 225 | 2 | @a时代经典@Ashi dai jing dian |
| 314 | @a梁启超, 字卓如, 号任公, 又号饮冰室主人, 广东新会人, 中国近代维新派领袖, 学者。 | |
| 330 | @a本书精选了梁启超先生在政论、文论、讲演等方面最具代表性的一些作品。《少年中国说》是他于1900年创作的一篇惊世妙文, 被公认为梁启超著作中思想意义最积极、情感色彩最激越的篇章, 作者本人也将该文视为自己“开文章之新体, 激民所之暗潮”的代表作。选录的其他文章也都展现了梁启超先生独特而汪洋恣肆的文笔和激扬而与时俱进的思想, 具有极高的知识性和可读性。 | |
| 410 | 0 | @12001 @a时代经典 |
| 600 | 0 | @a梁启超,@Aliang qi chao@f1873-1929@j文集 |
| 606 | 0 | @a哲学家@Azhe xue jia@y中国@z现代@j文集 |
| 690 | @aB259.11@v5 | |
| 690 | @aB259.1@v4 | |
| 701 | 0 | @a梁启超,@Aliang qi chao@f1873-1929@4著 |
| 801 | 0 | @aCN@b人天书店@c20160406 |
| 905 | @aBZT@dB259.1@e4 | |
| 少年中国说/梁启超著.-插图典藏本.-北京:中国画报出版社,2016 |
| 154页:图;22cm.-(时代经典) |
| ISBN 978-7-5146-1270-7(精装):CNY25.00 |
| 本书精选了梁启超先生在政论、文论、讲演等方面最具代表性的一些作品。《少年中国说》是他于1900年创作的一篇惊世妙文, 被公认为梁启超著作中思想意义最积极、情感色彩最激越的篇章, 作者本人也将该文视为自己“开文章之新体, 激民所之暗潮”的代表作。选录的其他文章也都展现了梁启超先生独特而汪洋恣肆的文笔和激扬而与时俱进的思想, 具有极高的知识性和可读性。 |
| ● |
| 相关链接 |
|
|
|
正题名:少年中国说
索取号:B259.1/4
 
预约/预借
| 序号 | 登录号 | 条形码 | 馆藏地/架位号 | 状态 | 备注 |
| 1 | 820803 | 2000820803 | 第二书库/ [索取号:B259.1/4] | 在馆 | |
| 2 | 820804 | 2000820804 | 第二书库/ [索取号:B259.1/4] | 在馆 | |
| 3 | 820805 | 2000820805 | 第二书库/ [索取号:B259.1/4] | 在馆 |